000 00795nam a2200241Ia 4500
003 OSt
005 20220923220848.0
006 a|||||r|||| 00| 0
007 ta
008 220922b |||||||| |||| 00| 0 hin d
024 _a191,509
037 _cTextual
040 _aARTS
_cARTS
_bhin
041 _2hin
_ahin
082 _aV2y7M91, 152M2
100 _aश्रीशरण, संपा.
_9156275
245 0 _aअम्बेडकर
_b सुभाषित और संस्मरण
246 _aAmbeḍakara: subhāṣhit aur sansmaraṇa
260 _aदिल्ली
_b प्रेम प्रकाशन
_c1992
300 _a168पृ.
_ccm.
942 _hV2y7M91, 152M2
_cTEXL
_2CC
999 _c344216
_d344216